• 首页
  • 本馆介绍
  • 公告通知
  • 最新文献
  • 馆藏检索
  • 电子资源
  • 读者导购
  • 参考咨询
  • 我的图书馆
  • 登录
  • 详细信息显示
  • 放入我的书架
  • 预约/预借图书
  • 作者相关作品
  • 分类相关作品
  • 丛书相关作品
  • 出版社相关作品

书目信息

  • 表格格式
  • 工作单格式
  • 卡片格式
书名: Selections from records of the historian
作者: written by Szuma Chien ; translated by Yang Hsien-yi and Gladys Yang.
分册号:
分册名:
出版地: Peking :
 
出版社: Foreign Languages Press
出版时间: 1979.
页数: vi, 461 p. ;
开本: 21 cm.
丛书名:
中图分类号:
科图分类号:
其他分类号: H319.4
主题词:
电子资源:
000 01655nam 2200337Ia 45x0
001 E0755219374
003 OCoLC
005 20070209152104.10
008 030403s1979 cc 000 0 eng d
020    @cCNY2.80.
040    @aWAU@cWAU
041 1  @aeng@hchi
043    @aa-cc---
066    @c$1
090    @aD209.21/W1
090    @aH319.4
099    @dH319.4@ex325
100 1  @aSsu-ma, Ch癷en,@dca. 145-ca. 86 B.C.
240 00 @aShih chi.@kSelections.@lEnglish.
245 10 @aSelections from records of the historian / @cwritten by Szuma Chien ; translated by Yang Hsien-yi and Gladys Yang.
246 01 @aRecords of the historian.
246 3  @aShi ji xuan
250    @a1st ed.
260    @aPeking :@bForeign Languages Press,@c1979.
300    @avi, 461 p. ;@c21 cm.
500    @aTranslation of: Shih chi / Ssu-ma Ch癷en.
505 1  @aConfucius--Sun Wu and Wu chi--Wu Tsu-hsu--Kou-chien, king of Yueh--Lord Shang--Mencius and Hsun Ching--Lord Mengchang--Tien Tan--Fan Sui and Tsai Tse--Lord Hsinling--Lord Pingyuan and Yu Ching--Lien Po and Lin Hsiang-ju--Lu Pu-wei--The first emperor of Chin--Chien Sheh--Hsiang Yu--Chang Liang, Marquis of Liu--Prime minister Chen Ping--Han Hsin, Marquis of Huaiyin--Chi Pu and Luan Pu--Liu Pi, Prince of Wu--The princes of Huainan and Hengshan--Chang Shih-chih and Feng Tang--Chi An and Cheng Tang-shih--The Marquises of Weichi and Wuan--Li Kuang--The Assassins--The Jesters--The Money-makers--The Gallant citizens--The Harsh officals.
651  0 @aChina@xHistory@y1766 B.C.-220 A.D.
700 1  @aYang, Hsien-i.
700 1  @aYang, Gladys.
920    @a232010@z2
    
    Selections from records of the historian / / written by Szuma Chien ; translated by Yang Hsien-yi and Gladys Yang.-1st ed.-Peking : : Foreign Languages Press, , 1979.
    vi, 461 p. ; ; 21 cm.
    Translation of: Shih chi / Ssu-ma Ch癷en.-Confucius--Sun Wu and Wu chi--Wu Tsu-hsu--Kou-chien, king of Yueh--Lord Shang--Mencius and Hsun Ching--Lord Mengchang--Tien Tan--Fan Sui and Tsai Tse--Lord Hsinling--Lord Pingyuan and Yu Ching--Lien Po and Lin Hsiang-ju--Lu Pu-wei--The first emperor of Chin--Chien Sheh--Hsiang Yu--Chang Liang, Marquis of Liu--Prime minister Chen Ping--Han Hsin, Marquis of Huaiyin--Chi Pu and Luan Pu--Liu Pi, Prince of Wu--The princes of Huainan and Hengshan--Chang Shih-chih and Feng Tang--Chi An and Cheng Tang-shih--The Marquises of Weichi and Wuan--Li Kuang--The Assassins--The Jesters--The Money-makers--The Gallant citizens--The Harsh officals.
    
    ISBN CNY2.80.
    
●
相关链接 在E读中查询图书 在五车中查询图书 在当当中查询图书 在豆瓣中查询图书


正题名:Selections from records of the historian     索取号:H319.4/x325         预约/预借

序号 登录号 条形码 馆藏地/架位号 状态 备注
1 47162   202454076   第四借阅区/ [索取号:H319.4/x325] 在馆    
唐山师范学院图书馆 欢迎您!
大连网信软件有限公司© 版权所有